00000000nam 2200000zi 4500
0019.939921
003CaOODSP
00520241122132547
006m     o  d f      
007cr |n|||||||||
008240627e19900912onc     o    f000 0|eng d
040 |aCaOODSP|beng|erda|cCaOODSP
043 |an-cn---
0861 |aCo22-530/1990E-PDF
24500|aDepartment of Communications in the 1990's : |bchallenges and opportunities : a background paper for the Key Issues Forum, September 20, 1990.
264 1|a[Ottawa] : |bCommunications Canada, Strategic Policy Planning, |cSeptember 12, 1990 .
300 |a1 online resource (ii, 31 pages)
336 |atext|btxt|2rdacontent
337 |acomputer|bc|2rdamedia
338 |aonline resource|bcr|2rdacarrier
500 |aDigitized edition from print [produced by Innovation, Science and Economic Development Canada].
500 |aIssued also in French under title : Le Ministère des communications dans les années 1990 : les défis et les promesses : document de travail pour le Forum sur les grands dossiers, 20 septembre 1990.
61010|aCanada. |bCommunications Canada.
7101 |aCanada. |bCommunications Canada, |eissuing body.
77508|tLe Ministère des communications dans les années 1990 : |w(CaOODSP)9.945466
85640|qPDF|s1.02 MB|uhttps://publications.gc.ca/collections/collection_2024/isde-ised/co22/Co22-530-1990-eng.pdf